Online
Catalog

Contabilidad operacional / (Record no. 55755)

MARC details
000 -CABECERA
campo de control de longitud fija 01826nam a2200301 i 4500
003 - IDENTIFICADOR DEL NÚMERO DE CONTROL
campo de control DO-SdBNP
005 - FECHA Y HORA DE LA ÚLTIMA TRANSACCIÓN
campo de control 20240205101434.0
006 - CÓDIGOS DE INFORMACIÓN DE LONGITUD FIJA--CARACTERÍSTICAS DEL MATERIAL ADICIONAL
campo de control de longitud fija a||||fr|||| 00| 0
007 - CAMPO FIJO DE DESCRIPCIÓN FÍSICA--INFORMACIÓN GENERAL
campo de control de longitud fija ta
008 - DATOS DE LONGITUD FIJA--INFORMACIÓN GENERAL
campo de control de longitud fija 240201b |||ad||| |||| 00| 0 spa d
040 ## - FUENTE DE LA CATALOGACIÓN
Centro catalogador/agencia de origen DO-SdBNP
Lengua de catalogación spa
Centro/agencia transcriptor BNPHU
Normas de descripción rda
082 #4 - NÚMERO DE LA CLASIFICACIÓN DECIMAL DEWEY
Número de edición 22
Número de documento/Ítem F897c
100 1# - ENTRADA PRINCIPAL--NOMBRE DE PERSONA
Nombre de persona Frías Muñoz, Octavio,
9 (RLIN) 57094
Término indicativo de función/relación autor
245 10 - MENCIÓN DE TÍTULO
Título Contabilidad operacional /
Mención de responsabilidad, etc. Octavio Frías Muñoz.
264 ## - PRODUCCIÓN, PUBLICACIÓN, DISTRIBUCIÓN, FABRICACIÓN Y COPYRIGHT
Producción, publicación, distribución, fabricación y copyright Santo Domingo :
Nombre del de productor, editor, distribuidor, fabricante CENTU,
Fecha de producción, publicación, distribución, fabricación o copyright [200?]
300 ## - DESCRIPCIÓN FÍSICA
Extensión 2 v. :
Otras características físicas Ilustraciones, gráficas ;
Dimensiones 27 cm.
336 ## - TIPO DE CONTENIDO
Fuente rdacontent
Término de tipo de contenido texto
Código de tipo de contenido txt
337 ## - TIPO DE MEDIO
Fuente rdamedia
Nombre/término del tipo de medio sin mediación
Código del tipo de medio n
338 ## - TIPO DE SOPORTE
Fuente rdacarrier
Nombre/término del tipo de soporte volumen
Código del tipo de soporte nc
500 ## - NOTA GENERAL
Nota general La biblioteca posee v.1, v.2 (segunda edición) y v.3
504 ## - NOTA DE BIBLIOGRAFÍA, ETC.
Nota de bibliografía, etc. Bibliografía: página 39, [54].
505 ## - NOTA DE CONTENIDO CON FORMATO
Nota de contenido con formato v.1
Información miscelánea Contabilidad Operacional I
Título Tema I: Antecedentes Histórico de la Contabilidad.-- Tema II: Conceptos y objetivos de la contabilidad.--
-- Tema III: Clasificación de las Empresas de Acuerdo a su Actividad Comercial.-- Tema IV: Iniciando un Sistema de Contabilidad.--
-- Tema V. Los Libros de Contabilidad.-- Tema VI: Clasificación de las Cuentas.-- Tema VII: Ventas y Compras, Conceptos, Devoluciones y Descuentos.--
-- Tema VIII: Documentos Mercantiles.-- Tema IX: Transacciones Comerciales: Registro.-- Tema X: Balanza de Comprobación.--
-- Tema XI: Asientos De Ajustes.-- Tema XII: Cierre De los Libros y Balanzas de Comrpobación Post-Cierre.-- Tema XIII: Práctica.
505 ## - NOTA DE CONTENIDO CON FORMATO
Nota de contenido con formato v.2
Información miscelánea Contabilidad Operacional III.
-- Tema I:
Título Inventariado.--
Información miscelánea Tema II:
Título Contabilidad de Costo.--
Información miscelánea Tema III:
Título Impuestos, Origen, Concepto y Aplicaciones.--
Información miscelánea Tema IV:
Título Auditoría.
590 ## - NOTA LOCAL (RLIN)
Nota local Inventariado 2024 / MF
650 #4 - PUNTO DE ACCESO ADICIONAL DE MATERIA--TÉRMINO DE MATERIA
Término de materia o nombre geográfico como elemento de entrada Contabilidad
Subdivisión general Manuales
9 (RLIN) 21596
710 2# - PUNTO DE ACCESO ADICIONAL--NOMBRE DE ENTIDAD CORPORATIVA
Nombre de entidad corporativa o nombre de jurisdicción como elemento de entrada Centro de Tecnología Universal (CENTU), República Dominicana.
9 (RLIN) 73613
942 ## - ELEMENTOS DE PUNTO DE ACCESO ADICIONAL (KOHA)
Fuente del sistema de clasificación o colocación Dewey Decimal Classification
Tipo de ítem Koha Libro
Holdings
Estado de retiro Estado de pérdida Fuente del sistema de clasificación o colocación Restricciones de uso No para préstamo Código de colección Localización permanente Ubicación/localización actual Ubicación en estantería Fecha de adquisición Fuente de adquisición Total de préstamos Signatura topográfica completa Código de barras Fecha visto por última vez Número de copia Precio válido a partir de Tipo de ítem Koha
    Dewey Decimal Classification Excluido de préstamo   Patrimonio Dominicano Biblioteca Nacional Pedro Henríquez Ureña Biblioteca Nacional Pedro Henríquez Ureña En catalogación 29.05.2023 Donado por Lauiril Maite   F897c 2024-0560 01.02.2024 v.1 01.02.2024 Libro
    Dewey Decimal Classification Excluido de préstamo   Patrimonio Dominicano Biblioteca Nacional Pedro Henríquez Ureña Biblioteca Nacional Pedro Henríquez Ureña En catalogación 29.05.2023 Donado por Lauiril Maite   F897c 2024-0562 01.02.2024 v.3 01.02.2024 Libro

Powered by Koha